[Event "Manavgat Turkey Cup"]
[Site "Manavgat"]
[Date "2016.02.04"]
[Round "8"]
[White "Yenyl, Muecahyt"]
[Black "Macit, Yalcin"]
[Result "0-1"]
[WhiteElo "1591"]
[BlackElo "1523"]
[PlyCount "152"]
[EventDate "2016.01.30"]
[EventType "swiss"]
[EventRounds "11"]
[EventCountry "TUR"]
[SourceTitle "CBM 170 Extra"]
[Source "ChessBase"]
[SourceDate "2016.02.25"]
[SourceVersion "1"]
[SourceVersionDate "2016.02.25"]
[SourceQuality "1"]

1. d4 Nf6 2. Nf3 g6 3. Nc3 Bg7 4. e4 d6 5. Be2 0-0 6. Bf4 h6 7. h4 Bg4 8. Qd2 Kh7 9. Ng5+ Kg8 10. f3 Bd7 11. 0-0-0 c5 12. e5 cxd4 13. Qxd4 Nc6 14. Qe3 dxe5 15. Bxe5 Nxe5 16. Qxe5 Ng4 17. Qg3 Ne3 18. Rd3 Nf5 19. Qh2 Rc8 20. Nge4 Qc7 21. Bd1 Qxh2 22. Rxh2 Bc6 23. g4 Be5 24. Rh3 Bf4+ 25. Kb1 Ne3 26. Be2 Rcd8 27. a3 Rxd3 28. Bxd3 Rd8 29. Ne2 Bc7 30. h5 g5 31. Rh1 Kg7 32. N2c3 a6 33. Rg1 e6 34. Nd1 Nd5 35. Re1 Nf4 36. Ndf2 Bb6 37. b4 Bxf2 38. Nxf2 Nxd3 39. Nxd3 Bxf3 40. Nf2 Rd2 41. Rf1 e5 42. Kb2 e4 43. Kc3 Rd7 44. Re1 Rc7+ 45. Kd2 Rc4 46. Nd1 Bxg4 47. Ne3 Rc7 48. Nxg4 f5 49. Ne5 Kf6 50. Ng6 b5 51. c3 Rd7+ 52. Kc2 Rd3 53. Nf8 g4 54. Ng6 g3 55. Nh4 Kg5 56. Ng2 Kg4 57. Rh1 Rf3 58. Kb3 Rf2 59. Ne3+ Kf3 60. Nxf5 Kg2 61. Nxg3 Kxg3 62. Re1 Kf3 63. a4 e3 64. c4 bxa4+ 65. Kxa4 e2 66. Ka5 Rf1 67. Rxe2 Ra1+ 68. Kb6 Kxe2 69. c5 Rb1 70. Ka5 Kd3 71. c6 Ra1+ 72. Kb6 Rc1 73. b5 axb5 74. Kxb5 Kd4 75. Kb6 Kd5 76. c7 Kd6 0-1

[Event "Manavgat Turkey Cup"]
[Site "Manavgat"]
[Date "2016.02.01"]
[Round "4"]
[White "Yenyl, Muecahyt"]
[Black "Koksal, Recep"]
[Result "0-1"]
[WhiteElo "1591"]
[BlackElo "1775"]
[PlyCount "52"]
[EventDate "2016.01.30"]
[EventType "swiss"]
[EventRounds "11"]
[EventCountry "TUR"]
[SourceTitle "CBM 170 Extra"]
[Source "ChessBase"]
[SourceDate "2016.02.25"]
[SourceVersion "1"]
[SourceVersionDate "2016.02.25"]
[SourceQuality "1"]

1. e4 c5 2. Nf3 Nc6 3. d4 cxd4 4. Nxd4 g6 5. Nc3 Bg7 6. Be3 Nf6 7. f3 0-0 8. Be2 d5 9. exd5 Nxd5 10. Nxd5 Qxd5 11. c3 Nxd4 12. Bxd4 e5 13. Bf2 Qa5 14. 0-0 Rd8 15. Qb3 Be6 16. Bc4 Bxc4 17. Qxc4 Rd2 18. Rfd1 Qd8 19. Rxd2 Qxd2 20. Qb3 Rd8 21. Qxb7 Qe2 22. Rf1 Rd1 23. h3 Rxf1+ 24. Kh2 Rxf2 25. Qc8+ Bf8 26. Qg4 h5 0-1

[Event "Manavgat Turkey Cup"]
[Site "Manavgat"]
[Date "2016.01.31"]
[Round "3"]
[White "Gumusay, Binnaz Hazal"]
[Black "Yenyl, Muecahyt"]
[Result "0-1"]
[WhiteElo "1274"]
[BlackElo "1591"]
[PlyCount "76"]
[EventDate "2016.01.30"]
[EventType "swiss"]
[EventRounds "11"]
[EventCountry "TUR"]
[SourceTitle "CBM 170 Extra"]
[Source "ChessBase"]
[SourceDate "2016.02.25"]
[SourceVersion "1"]
[SourceVersionDate "2016.02.25"]
[SourceQuality "1"]

1. e4 c5 2. d4 cxd4 3. c3 dxc3 4. Nxc3 d6 5. Bc4 Nf6 6. Nf3 Nc6 7. Bf4 Bg4 8. h3 Bh5 9. Qd3 Nb4 10. Qd1 Bxf3 11. gxf3 a6 12. Qa4+ Nc6 13. Qd1 Rc8 14. a4 g6 15. Rc1 Bg7 16. 0-0 0-0 17. Qd2 Re8 18. Rfd1 Nh5 19. Bh2 Nd4 20. Qd3 Qd7 21. Kg2 Rc5 22. f4 Rec8 23. Ba2 b5 24. e5 Nf5 25. b4 Rc4 26. Bxc4 bxc4 27. Qf1 Nh4+ 28. Kg1 Qb7 29. Nd5 e6 30. Bg3 Nf3+ 31. Kg2 exd5 32. Kxf3 d4+ 33. Ke2 Qe4+ 34. Kd2 c3+ 35. Rxc3 dxc3+ 36. Kc1 Qxb4 37. Qe2 dxe5 38. fxe5 Qa3+ 0-1